Language Quiz

Random Language or Italian Quiz

Italian: Days Quiz Stats

 Plays Quiz Updated Feb 4, 2013

Score 0/10 Timer 02:00
0 Plays Today
English Italian % Correct
Mondaylunedì
93.8%
Tuesdaymartedì
87.5%
Wednesdaymercoledì
83%
Saturdaysabato
82.1%
Fridayvenerdì
76.9%
Sundaydomenica
76.8%
Todayoggi
76%
Thursdaygiovedì
72.7%
Tomorrowdomani
71.5%
Yesterdayieri
63.5%

You're not logged in!

Compare scores with friends on all Sporcle quizzes.
OR
Log In

Sporcle TV

Today on Sporcle TV


Watch our educational content, quiz creation guides, and fun videos on Sporcle TV.

Show Comments

Extras

Top Quizzes Today


Score Distribution

Your Account Isn't Verified!

In order to create a playlist on Sporcle, you need to verify the email address you used during registration. Go to your Sporcle Settings to finish the process.

Report this User

Report this user for behavior that violates our Community Guidelines.

Details: